Normal view
MARC view
Entry Personal Name
001 - CONTROL NUMBER
- control field: 46545
003 - CONTROL NUMBER IDENTIFIER
- control field: ARRUPE
005 - DATE AND TIME OF LATEST TRANSACTION
- control field: 20190528111102.0
008 - FIXED-LENGTH DATA ELEMENTS
- fixed length control field: 190528|| aca||aabn | a|a d
040 ## - CATALOGING SOURCE
- Original cataloging agency: ARRUPE
- Transcribing agency: ARRUPE
100 ## - HEADING--PERSONAL NAME
- Personal name: Lea, Kalthleen Marquerite
- Relator term: ed.
670 ## - SOURCE DATA FOUND
- Source citation: Work cat.: (ARRUPE): Milton, John 15973, Areopagitica and of education , 1973.